Easternmost and westernmost 10k cities - Statistics

General Stats
  • This quiz has been taken 22 times
    12 since last reset
  • The average score is 10 of 20
Answer Stats
Longitude Population City % Correct
157°51'W 1.01 M Honolulu
100%
178°26'E 185 k Suva
100%
171°45'W 35.9 k Apia
82%
175°12'W 34.1 k Nuku'alofa
82%
177°41'E 15.8 k Ba
64%
177°31'E 13.2 k Anadyr
45%
156°28'W 57.9 k Kahului
45%
157°44'W 118 k Kailua
45%
156°40'W 21.3 k Lahaina
45%
177°25'E 71.0 k Nadi
45%
178°01'E 37.7 k Gisborne
36%
179°22'E 26.6 k Labasa
36%
159°21'W 15.8 k Lihue
36%
178°32'E 57.8 k Nausori
36%
177°30'E 10.5 k Sigatoka
36%
159°20'W 18.2 k Kapaa
27%
157°55'W 12.4 k Laie
27%
178°25'E 24.6 k Lami
27%
177°27'E 71.5 k Lautoka
27%
158°02'W 15.5 k Pupukea
27%
No matching quizzes found
Score Distribution
Percent of People with Each Score
Percentile by Number Answered
Your Score History
You have not taken this quiz since the last reset